000 00648ntaaa2200217 4500
003 01
005 20251027203012.0
008 0714s1973 ag 01
040 _aAR-BaBN
_bspa
_cAR-BaBN
_eaacr
_dRIC
082 _a281.1000 C86
100 _aRuiz Bueno, D.
_931052
245 _aObras de San Juan Crisóstomo /
_cD. Ruiz Bueno
250 _a1 ed.
260 _aMadrid :
_bBiblioteca de Autores Cristianos,
_cc1955
300 _a2 tomos
500 _aTexto griego, versión española de D. Ruiz Bueno
650 _aMateo-homilías
_931053
650 _aBiblia-Nuevo Testamento-Mateo
_93984
650 _aPadres de la Iglesia
_91069
942 _cBK
999 _c25456
_d25456